| 000 | 00907cam a2200241 a 4500 | ||
|---|---|---|---|
| 003 | CO-ViMGA | ||
| 005 | 20230915233145.0 | ||
| 008 | 130111s2012 mx ac r 00110dspa d | ||
| 020 | _a978607743699 (Médica Panamericana) | ||
| 020 | _z9786070230639 (UNAM) | ||
| 040 |
_aCO-ViMGA _bspa _cCO-ViMGA |
||
| 082 | 0 | 4 |
_a616.5 _bM13g _221 |
| 100 | 1 |
_aMagaña García, Mario. _95731 |
|
| 245 | 1 | 0 |
_aGuía de dermatología pediátrica / _cMario Magaña García ; prólogo y proemio Mario Magaña Lozano. |
| 250 | _a2a. ed. | ||
| 260 |
_aMéxico : _bEditorial Médica Panamericana : _bUniversidad Nacional Autónoma. Facultad de Medicina, _c2012. |
||
| 300 |
_axxix, 331 p. : _bil. ; _c28 cm. |
||
| 504 | _aIncluye bibliografía e índice. | ||
| 650 | 1 | 4 |
_aDermatología pedriática. _95732 |
| 650 | 1 | 4 |
_aEnfermedades de la piel. _93659 |
| 700 | 1 |
_aMagaña Lozano, Mario, _epról. _95733 |
|
| 942 |
_2ddc _cBK |
||
| 999 |
_c36044 _d36044 |
||